Gebiete, die Deutschland nach dem Ersten Weltkrieg verlor - Statistiken

Allgemein
  • Dieses Quiz wurde 52 mal gespielt
  • Das Durchschnittsergebnis liegt bei 4 aus 11
Antwortstatistiken
Gebiete % Korrekt
Elsass-Lothringen
84%
Danzig
51%
Saarland
47%
Pommern
37%
Nordschleswig
30%
Westpreußen
28%
Ostbelgien
26%
Posen
26%
Memelland
23%
Ostoberschlesien
21%
Hultschiner Ländchen
5%
Keine übereinstimmenden Quizze gefunden
Verteilung der Resultate
Anzahl Personen mit jedem Resultat
Perzentil nach korrekt beantworteten Fragen
Ihre Resultats-Entwicklung
Sie haben dieses Quiz noch nicht gespielt